000 04907nam a22006375i 4500
001 978-3-319-66493-4
003 DE-He213
005 20250103112321.0
007 cr nn 008mamaa
008 171119s2018 sz | s |||| 0|eng d
020 _a9783319664934
_9978-3-319-66493-4
024 _a10.1007/978-3-319-66493-4
_2doi
050 _aGC1-1581
072 _aRBKC
_2bicssc
072 _aSCI052000
_2bisacsh
072 _aRBKC
_2thema
082 _a551.46
_223
245 _aObserving the Oceans in Real Time
_h[electronic resource] /
_cedited by R. Venkatesan, Amit Tandon, Eric D'Asaro, M. A. Atmanand.
250 _a1st ed. 2018.
260 _aCham :
_bSpringer International Publishing :
_bImprint: Springer,
_c2018.
300 _aXII, 323 p. 122 illus., 106 illus. in color.
_bonline resource.
336 _atext
_btxt
_2rdacontent
337 _acomputer
_bc
_2rdamedia
338 _aonline resource
_bcr
_2rdacarrier
347 _atext file
_bPDF
_2rda
490 _aSpringer Oceanography,
_x2365-7685
505 _aPart 1. Introduction -- 1. Recent Trends in Ocean Observations -- Part 2. Surface Observations -- 2. Observing Surface Meteorology and Air-Sea Fluxes -- 3. Drifter Technology and Impacts for Sea Surface Temperature, Sea-Level Pressure and Ocean Circulation Studies -- 4. Origin, Tranformation and Measurement of Waves in Ocean -- Part 3. Subsurface Observations -- 5. Oceanographic Floats- Principles of Operation -- 6. . Measuring Ocean Turbulence -- 7. New Science and Novel Approaches Enabled by Autonomous Gliders -- 8. Advances in In-Situ Ocean Measurements -- Part 4. Remote Sensing -- 9. Ocean Remote Sensing: Concept to Realization for Physical Oceanographic Studies -- 10. Near Real-time Underwater Passive Acoustic Monitoring of Natural and Anthropogenic Sounds -- 11. Data Return Aspects of CODAR and WERA High Frequency Radars in Mapping Currents -- Part 5. Data (Data Management) -- 12. Sensor Performance and Data Quality Control -- 13. Near Real Time Data Recovery from Oceanographic Moorings -- 14. Managing Metocean In Situ Data in the WMO Framework -- Part 6. Societal Applilications -- 15. Applications of Ocean In-Situ Observations and its Societal Relevance.
520 _aThis book provides contributions from leading experts on the integration of novel sensing technologies to yield unprecedented observations of coupled biological, chemical, and physical processes in the ocean from the macro to micro scale. Authoritative entries from experts around the globe provide first-hand information for oceanographers and researchers looking for solutions to measurement problems.  Ocean observational techniques have seen rapid advances in the last few years and this book addresses the need for a single overview of present and future trends in near real time and real time. First the past, present and future scenarios of ocean observational tools and techniques are elucidated. Then this book divides into three modes of ocean observations: surface, upper ocean and deep ocean. This is followed by data quality and modelling. Collecting a summary of methods and applications, this book provides first-hand information for oceanographers and researchers looking for solutions to measurement problems. This book is also suitable for final year undergraduate students or beginning graduate students in ocean engineering, oceanography and various other engineering students (such as Mechanical, Civil, Electrical, and Bioengineering) who are interested in specializing their skills towards modern measurements of the ocean.
650 _aOceanography.
650 _aGeographic information systems.
650 _aEnvironment.
650 _aClimatology.
650 _aEnvironmental monitoring.
650 _aAcoustical engineering.
650 _aOcean Sciences.
650 _aGeographical Information System.
650 _aEnvironmental Sciences.
650 _aClimate Sciences.
650 _aEnvironmental Monitoring.
650 _aEngineering Acoustics.
700 _aVenkatesan, R.
_eeditor.
_4edt
_4http://id.loc.gov/vocabulary/relators/edt
700 _aTandon, Amit.
_eeditor.
_4edt
_4http://id.loc.gov/vocabulary/relators/edt
700 _aD'Asaro, Eric.
_eeditor.
_4edt
_4http://id.loc.gov/vocabulary/relators/edt
700 _aAtmanand, M. A.
_eeditor.
_4edt
_4http://id.loc.gov/vocabulary/relators/edt
710 _aSpringerLink (Online service)
773 _tSpringer Nature eBook
776 _iPrinted edition:
_z9783319664927
776 _iPrinted edition:
_z9783319664941
776 _iPrinted edition:
_z9783319882550
830 _aSpringer Oceanography,
_x2365-7685
856 _uhttps://doi.org/10.1007/978-3-319-66493-4
912 _aZDB-2-EES
912 _aZDB-2-SXEE
999 _c12630
_d12630